Update on asbestos regs (Record no. 73953)

MARC details
000 -LEADER
fixed length control field 00985cam a2200205 4500
001 - CONTROL NUMBER
control field ABS67305
008 - FIXED-LENGTH DATA ELEMENTS--GENERAL INFORMATION
fixed length control field 031211n2003 000 0 eng u
035 ## - SYSTEM CONTROL NUMBER
System control number (Sirsi) u124609
100 ## - MAIN ENTRY--PERSONAL NAME
Personal name Dodsworth, C.
245 ## - TITLE STATEMENT
Title Update on asbestos regs
260 ## - PUBLICATION, DISTRIBUTION, ETC.
Date of publication, distribution, etc. 2003
490 ## - SERIES STATEMENT
Series statement Construction News
Volume/sequential designation (6841) 6 December 2003, 18(1)
520 ## - SUMMARY, ETC.
Summary, etc. Reviews the position of contractors when the Control of Asbestos at Work Regulations 2002 Part IV makes the dutyholder of a building liable for the management of asbestos. Contractors may be regarded as the dutyholder in certain circumstances. They will still have to co-operate with the nominated dutyholder and assist in compliance with the regulations. Breaching them may result in criminal and/or civil liability.
590 ## - LOCAL NOTE (RLIN)
Local note ABS
650 ## - SUBJECT ADDED ENTRY--TOPICAL TERM
Topical term or geographic name entry element CONTROL OF ASBESTOS AT WORK REGULATIONS 2002 PART 4
650 ## - SUBJECT ADDED ENTRY--TOPICAL TERM
Topical term or geographic name entry element ASBESTOS REGULATIONS
650 ## - SUBJECT ADDED ENTRY--TOPICAL TERM
Topical term or geographic name entry element BUILDING CONTRACTORS
690 ## - LOCAL SUBJECT ADDED ENTRY--TOPICAL TERM (OCLC, RLIN)
Topical term or geographic name as entry element BUILT ENVIRONMENT-BUILDING STANDARDS
942 ## - ADDED ENTRY ELEMENTS (KOHA)
Suppress in OPAC 0
Holdings
Withdrawn status Lost status Source of classification or shelving scheme Damaged status Not for loan Home library Current library Shelving location Date acquired Total Checkouts Full call number Barcode Date last seen Copy number Price effective from Koha item type
    Dewey Decimal Classification     London London Journal article 11/12/2003   ABS67305 124609-1001 06/08/2019 1 06/08/2019 Journal article